| 000 | 00000nam 2200000zi 4500 |
| 001 | 9.939705 |
| 003 | CaOODSP |
| 005 | 20240624075545 |
| 006 | m o d f |
| 007 | cr ||||||||||| |
| 008 | 240624s1988 onca o f000 0 fre d |
| 040 | |aCaOODSP|bfre|erda|cCaOODSP |
| 043 | |an-cn--- |
| 086 | 1 |aCo22-693/1988F-PDF |
| 110 | 1 |aCanada. |bCommunications Canada, |eauteur, |eorganisme de publication. |
| 245 | 10|aDes voix canadiennes pour un choix véritable : |bune nouvelle politique de la radiodiffusion pour le Canada. |
| 264 | 1|aOttawa : |bCommunications Canada, |c1988. |
| 300 | |a1 ressource en ligne (1 volume en paginations multiple) : |billustrations |
| 336 | |atexte|btxt|2rdacontent/fre |
| 337 | |ainformatique|bc|2rdamedia/fre |
| 338 | |aressource en ligne|bcr|2rdacarrier/fre |
| 500 | |aÉdition numérisée de l'imprimé [par Innovation, Sciences et Développement économique Canada]. |
| 500 | |aPublié aussi en anglais sous le titre : Canadian voices, Canadian choices. |
| 500 | |aTitre de la vouverture. |
| 505 | 0 |aNouvelles politique et législation sur la radiodiffusion destinées à garantir des émissions canadiennes plus nombreuses et de meilleure qualité -- Notes pour une allocution de l'honorable Flora MacDonald ... le 23 juin 1988 -- Des voix canadiennes pour un choix véritable -- Communications. |
| 650 | 6|aRadiodiffusion|xPolitique gouvernementale|zCanada. |
| 775 | 08|tCanadian voices, Canadian choices : |w(CaOODSP)9.938831 |
| 856 | 40|qPDF|s2.35 Mo|uhttps://publications.gc.ca/collections/collection_2024/isde-ised/Co22-693-1988-fra.pdf |